A travers champs, agronomes et géographes : (Record no. 12121)

000 -LEADER
fixed length control field 00723cam a2200205 a 4500
020 ## - INTERNATIONAL STANDARD BOOK NUMBER
ISBN 2709907569
040 ## - CATALOGING SOURCE
Transcribing agency DLC
082 00 - DEWEY DECIMAL CLASSIFICATION NUMBER
Classification number 630 EFI 1985 A041 Or.
245 00 - TITLE STATEMENT
Title A travers champs, agronomes et géographes :
Remainder of title dynamique des systèmes agraires /
260 ## - PUBLICATION, DISTRIBUTION, ETC. (IMPRINT)
Place of publication Paris :
Name of publisher Editions de l'ORSTOM,
Year of publication 1985.
300 ## - PHYSICAL DESCRIPTION
Number of Pages 297 p. :
Other physical details ill. ;
Dimensions 24 cm.
490 1# - SERIES STATEMENT
Series statement Collection Colloques et séminaires
500 ## - GENERAL NOTE
General note Papers by Chantal Blanc-Pamard ... [et al.] presented at a 1984 series of meetings.
650 #0 - SUBJECT ADDED ENTRY--TOPICAL TERM
Topical Term Agriculture.
650 #0 - SUBJECT ADDED ENTRY--TOPICAL TERM
Topical Term Agriculture
700 2# - ADDED ENTRY--PERSONAL NAME
Personal name Blanc-Pamard, Chantal.
710 2# - ADDED ENTRY--CORPORATE NAME
Corporate name or jurisdiction name as entry element O.R.S.T.O.M. (Agency : France)
710 2# - ADDED ENTRY--CORPORATE NAME
Corporate name or jurisdiction name as entry element Laboratoire de sociologie et géographie africaines (France)
942 ## - ADDED ENTRY ELEMENTS (KOHA)
Koha item type សៀវភៅភាសាអង់គ្លេស
952 ## - LOCATION AND ITEM INFORMATION (KOHA)
Withdrawn status [LOCAL, KOHA] 0
Holdings
Permanent Location Date acquired Koha item type Lost status Shelving location Barcode Current Location Full call number
Library Block A2017-08-10សៀវភៅភាសាអង់គ្លេស A041A18843Library Block A630 EFI 1985 A041 Or.
មជ្ឈមណ្ឌលឯការនៃសាកលវិទ្យាល័យភូមិន្ទកសិកម្មចំការដូង

Powered by Koha